Manual de técnicas de estudio y de expresión /

Guardado en:
Autor Principal: Luchetti, Elena
Otros Autores: Vega, Graciela
Formato: Libro
Publicado: Buenos Aires : Cesarini, 1991
Materias:
Etiquetas: Agregar Etiqueta
Sin Etiquetas, Sea el primero en etiquetar este registro!
LEADER 00712nam a22002175a 4500
001 CEM.cems007227
005 20060214000000.0
008 130507s1991##################000#0#####d
003 CEMS
082 0 4 |a 371.36 
100 1 |a Luchetti, Elena 
245 1 0 |a Manual de técnicas de estudio y de expresión / 
260 |a Buenos Aires :  |b Cesarini,  |c 1991 
300 |a 87 p. 
505 0 |a T'cnicas de estudio.-Autodiagnostico.-Ejercitaci¢n.-Autoevaluaci¢n.-Comprensi¢n de textos.-Lectura de mensajes.- 
653 |a Donacion c. basico 
653 |a Educacion 
653 |a Estudio dirigido 
653 |a Técnicas de estudio 
700 1 |a Vega, Graciela 
859 |a CEMS  |b BIB. CEMS - 11 de abril  |h 371.36  |i L963  |p 16976.93  |t Ej.1